Remitencie – „Inbound” a „Outbound” Ruskej federácie
Remitencie a analýza prichádzajúcich a odchádzajúcich remitencií Ruskej federácie. Teoretické poznatky vedeckej obce v oblasti remitencií ako súčasti ekonomickej migrácie. Odchádzajúce remitencie z Ruskej federácie. Prichádzajúce remitencie do Ruskej federácie. Ruský trh a spoločnosti poskytujúce f...
Saved in:
| Main Author: | |
|---|---|
| Format: | Book Chapter |
| Language: | Slovak |
| Subjects: | |
| Tags: |
No Tags, Be the first to tag this record!
|
MARC
| LEADER | 00000naa$a2200000$$$4500 | ||
|---|---|---|---|
| 001 | 0271588 | ||
| 005 | 20240502074300.2 | ||
| 041 | 0 | |a slo | |
| 044 | |a SK | ||
| 245 | 1 | 0 | |a Remitencie – „Inbound” a „Outbound” Ruskej federácie |c Terézia Seresová |
| 520 | |a Remitencie a analýza prichádzajúcich a odchádzajúcich remitencií Ruskej federácie. Teoretické poznatky vedeckej obce v oblasti remitencií ako súčasti ekonomickej migrácie. Odchádzajúce remitencie z Ruskej federácie. Prichádzajúce remitencie do Ruskej federácie. Ruský trh a spoločnosti poskytujúce finančné služby v rámci odosielania remitencií. Situácia remitencií Ruskej federácie na pozadí migračnej problematiky. | ||
| 610 | 2 | 0 | |a remitencie |
| 610 | 2 | 0 | |a Rusko |
| 610 | 2 | 0 | |a migrácia |
| 610 | 2 | 0 | |a služby finančné |
| 100 | 1 | |a Seresová, Terézia, 1991- | |